[Event "Tata Steel-A 79th"]
[Site "Wijk aan Zee"]
[Date "2017.01.21"]
[Round "7"]
[White "Karjakin, Sergey"]
[Black "Aronian, Levon"]
[Result "1-0"]
[WhiteElo "2785"]
[BlackElo "2780"]
[Annotator "ChessBase II"]
[PlyCount "115"]
[EventDate "2017.01.14"]
[EventType "tourn"]
[EventRounds "13"]
[EventCountry "NED"]
[EventCategory "21"]
[SourceTitle "CBM 177"]
[Source "ChessBase"]
[SourceDate "2017.03.16"]
[SourceVersion "1"]
[SourceVersionDate "2017.03.16"]
[SourceQuality "1"]
[TimeControl "40/6000+30:20/3000+30:900+30"]

1. e4 {[%emt 0:00:00]} e5 {[%emt 0:00:58]} 2. Nf3 {[%emt 0:00:00]} Nc6 {
[%emt 0:00:05]} 3. Bc4 {[%emt 0:00:00]} Bc5 {[%emt 0:00:06]} 4. O-O {[%emt 0:
00:06]} Nf6 {[%emt 0:00:03]} 5. d3 {[%emt 0:00:05]} O-O {[%emt 0:00:07]} 6. h3
{[%emt 0:00:04]} d5 {[%emt 0:00:05]} 7. exd5 {[%emt 0:00:10]} Nxd5 {[%emt 0:00:
04]} 8. Re1 {[%emt 0:01:29]} Be6 {[%emt 0:00:43]} 9. c3 {[%emt 0:04:20]} (9.
Nbd2 f6 10. Nb3 Bb6 11. d4 Bf7 12. dxe5 Nxe5 13. Nxe5 fxe5 14. Bxd5 Bxd5 15.
Be3 c6 16. Qe2 Qh4 17. Nd2 Rf6 18. Qg4 Qxg4 19. hxg4 Ba5 20. a3 Bxd2 21. Bxd2
e4 22. Be3 a5 23. a4 h6 24. Reb1 Rg6 25. b4 axb4 26. Rxb4 c5 27. Bxc5 Rxg4 28.
Be3 Rg6 29. a5 Rc8 30. Rd1 Rc4 31. Rxc4 Bxc4 32. Rd7 Ba6 33. Bd4 Rg5 34. c4
Bxc4 35. Rxb7 e3 36. Bxe3 Rxg2+ 37. Kxg2 Bd5+ 38. Kg3 Bxb7 {Van Foreest,J 
(2578)-Bachmann,A (2642) Teplice 2016 1/2-1/2}) 9... Bb6 {[%emt 0:04:09]} 10.
Bb3 {[%emt 0:08:40]} f6 {[%emt 0:13:31]} 11. d4 {[%emt 0:09:21]} Bf7 {[%emt 0:
00:26]} 12. dxe5 {[%emt 0:08:39]} Nxe5 {[%emt 0:00:34]} 13. Bxd5 {[%emt 0:02:
59]} Bxd5 {[%emt 0:03:42]} 14. Nxe5 {[%emt 0:00:15]} fxe5 {[%emt 0:00:52]} 15.
Be3 {[%emt 0:00:06]} Bc6 {[%emt 0:08:05]} 16. Nd2 {[%emt 0:01:38]} Qf6 {
[%emt 0:04:18]} 17. Qe2 {[%emt 0:02:22]} Qg6 {[%emt 0:02:13]} 18. f3 {[%emt 0:
02:35]} Rad8 {[%emt 0:02:57]} 19. Bxb6 {[%emt 0:03:36]} axb6 {[%emt 0:02:32]}
20. Ne4 {[%emt 0:02:03]} Rf4 {[%emt 0:03:37]} 21. Rad1 {[%emt 0:02:03]} Rdf8 {
[%emt 0:04:24]} 22. Qc4+ {[%emt 0:01:25]} Kh8 {[%emt 0:01:25]} 23. Kh2 {
[%emt 0:00:19]} h6 {[%emt 0:01:22]} 24. Rd2 {[%emt 0:01:15]} Kh7 {[%emt 0:02:
03]} 25. Qd3 {[%emt 0:03:52]} Kh8 {[%emt 0:16:12]} 26. Rde2 {[%emt 0:04:52]}
Qe6 {[%emt 0:13:26]} 27. b3 {[%emt 0:03:33]} R4f7 {[%emt 0:00:49]} 28. Qe3 {
[%emt 0:10:48]} Re7 {[%emt 0:02:25]} 29. Qf2 {[%emt 0:00:21]} Qd5 {[%emt 0:12:
22]} 30. Re3 {[%emt 0:03:45]} Qa5 {[%emt 0:01:20]} 31. Qb2 {[%emt 0:02:09]}
Rfe8 {[%emt 0:03:15]} 32. c4 {[%emt 0:03:39]} Bd7 {[%emt 0:07:39]} 33. Nc3 {
[%emt 0:08:38]} c6 {[%emt 0:00:25]} 34. Ne4 {[%emt 0:00:23]} Re6 {[%emt 0:00:
40]} 35. Rd1 {[%emt 0:03:25]} Bc8 {[%emt 0:00:32]} 36. b4 {[%emt 0:01:12]} Qa8
{[%emt 0:00:21]} 37. Nd6 {[%emt 0:00:53]} R8e7 {[%emt 0:00:04]} 38. Red3 {
[%emt 0:02:06]} Rd7 {[%emt 0:01:06]} 39. Qc2 {[%emt 0:00:35]} Ree7 {[%emt 0:00:
29]} 40. Qf2 {[%emt 0:00:00]} Qb8 {[%emt 0:00:32]} 41. Qxb6 {[%emt 0:03:00]} e4
{[%emt 0:00:50]} 42. fxe4 {[%emt 0:01:13]} Rxe4 {[%emt 0:01:09]} 43. Qf2 {
[%emt 0:04:08]} Kg8 {[%emt 0:01:28]} 44. Qg3 {[%emt 0:04:14]} Ree7 {[%emt 0:00:
15]} 45. c5 {[%emt 0:00:24]} Qc7 {[%emt 0:00:58]} 46. Nf5 {[%emt 0:04:12]}
Qxg3+ {[%emt 0:00:07]} 47. Rxg3 {[%emt 0:00:05]} Rf7 {[%emt 0:00:08]} 48. Nxh6+
{[%emt 0:00:10]} Kh7 {[%emt 0:02:15]} 49. Nxf7 {[%emt 0:00:09]} Rxd1 {[%emt 0:
00:04]} 50. Re3 {[%emt 0:01:24]} Bf5 {[%emt 0:00:13]} 51. Nd6 {[%emt 0:02:05]}
Bb1 {[%emt 0:01:33]} 52. a4 {[%emt 0:00:12]} Bc2 {[%emt 0:03:31]} 53. a5 {
[%emt 0:02:24]} Rb1 {[%emt 0:01:16]} 54. Rc3 {[%emt 0:00:28]} Bb3 {[%emt 0:02:
34]} 55. Nxb7 {[%emt 0:01:03]} Bd5 {[%emt 0:00:10]} 56. a6 {[%emt 0:00:23]}
Rxb4 {[%emt 0:00:11]} 57. Ra3 {[%emt 0:00:10]} Rb2 {[%emt 0:00:04]} 58. h4 {
[%emt 0:00:47]} 1-0

[Event "Tata Steel-A 79th"]
[Site "Wijk aan Zee"]
[Date "2017.01.25"]
[Round "10"]
[White "Karjakin, Sergey"]
[Black "Andreikin, Dmitry"]
[Result "1-0"]
[WhiteElo "2785"]
[BlackElo "2736"]
[Annotator "Pavlovic,M"]
[PlyCount "121"]
[EventDate "2017.01.14"]
[EventType "tourn"]
[EventRounds "13"]
[EventCountry "NED"]
[EventCategory "21"]
[SourceTitle "CBM 177"]
[Source "ChessBase"]
[SourceDate "2017.03.16"]
[SourceVersion "1"]
[SourceVersionDate "2017.03.16"]
[SourceQuality "1"]

1. e4 e5 2. Nf3 Nc6 3. Bc4 Bc5 4. O-O Nf6 5. d3 d6 6. c3 a5 $5 {Once when I
was on the black side of an Italian Game against Efimenko I opted for the
usual ...a6; it was only later in the game that I discovered that an
additional push of the a-pawn once more to a5 was necessary in order to gain
space. Therefore I am familiar with such a positional idea and it's worth
investigating further.} 7. Re1 h6 {I found one similar example:} (7... O-O 8.
Nbd2 h6 9. Nf1 Be6 10. Ng3 Bxc4 11. dxc4 Ne7 12. h3 Qc8 13. Nh4 Qe6 14. Qf3 Kh7
15. Nhf5 Nfg8 16. Nxe7 Nxe7 {1/2-1/2 (44) Fercec,N (2473)-Kuljasevic,D (2580)
Bosnjaci 2014. Black is fine}) 8. Nbd2 O-O 9. h3 Ba7 10. Nf1 Be6 11. Ng3 Bxc4
12. dxc4 Ne7 13. Nh2 Qd7 14. Qf3 Qe6 15. b3 a4 16. Bd2 Kh7 {We can say that
Black is ok here.} 17. Nhf1 {The idea will be seen on the next move.} (17. Ng4
Nxe4 $5 18. Qxe4+ f5 19. Qc2 Qg6 {Black has the initiative.}) 17... c6 18. Be3
$1 {If Black trades bishops then at least White can take back with the knight
which is good.} Bb8 19. Nd2 axb3 20. axb3 Bc7 {Neither side can do much but
somehow Karjakin finds a better plan.} 21. Nh5 Nd7 (21... Nxh5 22. Qxh5 f5 23.
exf5 Nxf5 24. Ne4 Kg8 {looks ok for Black.}) 22. Qg4 $1 Qxg4 (22... g6 23. Qxe6
fxe6 24. Ng3 c5 {with the idea ...Nc6 next would give Black some kind of
interesting fortress.}) 23. hxg4 b5 (23... Bb6 24. Bxb6 Nxb6 25. Ng3 g6 26. f3
Kg7 27. Nh1 $5 Ng8 28. Nf2 Nf6 29. Nd3 Nfd7 30. Kf2 {with an interesting
endgame ahead of us, surely it's balanced.}) 24. cxb5 cxb5 25. Ng3 Bb6 (25...
g6 26. b4 Rfc8 27. Red1 Bb6 28. Rxa8 Rxa8 29. Ngf1 Kg7 {Here too Black is
doing OK.}) 26. Bxb6 Nxb6 27. Nf5 Nxf5 28. exf5 f6 29. Ne4 {White has achieved
some pressure here.} d5 30. Nd6 b4 31. cxb4 d4 (31... Rab8 $1 32. Nb5 Nc8 33.
Nc7 Rxb4 34. Nxd5 Rxb3 35. Ra8 Rg8 36. Rc1 Nb6 37. Rxg8 Kxg8 38. Ne7+ Kh7 39.
f3 Ra3 $11) 32. Ra5 $1 Rab8 33. Ne4 Rfd8 34. b5 Nd5 (34... Nc8 $1 35. Kf1 Nd6
36. Nxd6 Rxd6 37. Ke2 Rd5 38. Kd3 Rbxb5 39. Rxb5 Rxb5 40. Kc4 Rb8 41. Rb1 Kg8
42. b4 Kf7 43. b5 Ke7 44. b6 Kd6 45. Kb5 d3 $11) 35. Rc1 Rbc8 36. Rc6 Nc3 37.
Nd2 e4 38. Rxc8 Rxc8 39. Nc4 d3 40. b6 Ne2+ $4 (40... h5 $1 {great idea!} 41.
g5 $1 {White doesn't have to be cooperative...} (41. gxh5 Rxc4 $1 42. bxc4 d2
43. Ra1 Ne2+ 44. Kh2 Nc1 45. b7 d1=Q 46. b8=Q Qxh5+ 47. Kg1 Qd1+ $11) 41...
fxg5 42. Ra7 Nd5 (42... Ne2+ 43. Kf1 $18) (42... Rxc4 43. bxc4 d2 44. Rd7 $18)
43. Rd7 Nf6 44. Rd4 g4 {White is still better but the game is not over.}) 41.
Kf1 Nd4 42. b7 d2 43. Ra1 Rb8 44. Na5 Nb5 45. Rd1 Nd6 46. Rxd2 Nxb7 47. Nxb7
Rxb7 48. Rb2 h5 {Doesn't help...} (48... Rb4 49. Ke2 h5 50. gxh5 Kh6 51. Kd2
Kxh5 52. Kc3 Rb7 53. Kd4 Kg4 54. Kxe4 Rb4+ 55. Kd5 Kxf5 56. Kc5 $18) 49. b4 $1
hxg4 50. Ke2 g6 51. fxg6+ Kxg6 52. Ke3 g3 53. fxg3 Kf5 54. b5 Rb6 (54... Ke5
55. b6 f5 56. Rb5+ Ke6 57. Kf4 $18) 55. g4+ $18 Ke5 56. Rf2 Re6 57. Rc2 Re7 58.
b6 Rb7 59. Rb2 Kd5 60. g3 Kc6 61. Kxe4 1-0

[Event "Gashimov Memorial 6th"]
[Site "Shamkir"]
[Date "2019.04.01"]
[Round "2"]
[White "Giri, Anish"]
[Black "Karjakin, Sergey"]
[Result "0-1"]
[WhiteElo "2797"]
[BlackElo "2753"]
[Annotator "Krasenkow,M"]
[PlyCount "68"]
[EventDate "2019.03.31"]
[EventType "tourn"]
[EventRounds "9"]
[EventCountry "AZE"]
[EventCategory "22"]
[SourceTitle "CBM 190"]
[Source "ChessBase"]
[SourceDate "2019.06.30"]
[SourceVersion "1"]
[SourceVersionDate "2019.06.30"]
[SourceQuality "1"]

{[%evp 0,60,19,28,17,13,8,17,17,-18,1,-2,5,-1,23,21,32,6,6,-1,10,24,24,11,10,
-10,6,-39,20,5,11,-24,-17,-37,-13,-10,-8,-5,11,36,43,26,51,71,0,-14,20,-15,-19,
-117,-147,-182,-121,-95,-52,-15,-15,-15,-13,-216,-216,-233,-253]} 1. e4 e5 2.
Nf3 Nc6 3. Bc4 Bc5 4. c3 Nf6 5. d3 d6 6. O-O a6 7. a4 h6 8. Re1 O-O 9. h3 a5 $5
{An unexpected move, which became popular recently. Black prevents b2-b4 and
a4-a5. In case of d3-d4 he gets an option to play ...e5xd4 c3xd4 and gain the
b4 square for his pieces (knight, first of all).} 10. d4 {This is a rare
continuation in the present position. Other options:} (10. Bb5 Na7 11. d4 exd4
12. cxd4 Bb4 13. Bd2 Nxb5 14. axb5 Bd7 15. Qb3 Bxb5 16. Bxb4 axb4 17. Rxa8 Qxa8
18. Qxb4 Qa4 $11 {1/2 (30) Grandelius,N (2694)-Karjakin,S (2753) Astana KAZ
2019}) (10. Na3 Be6 11. Bxe6 fxe6 12. Nc2 Ba7 13. Be3 Bxe3 14. Nxe3 Qd7 15. Qb3
b6 16. Qb5 Rf7 17. Nd2 Raf8 18. Re2 Qe8 19. g3 Qa8 $11 {1/2 (53) Aronian,L 
(2767)-Karjakin,S (2773) Saint Louis 2018}) (10. Nbd2 Be6 (10... Ne7 11. Nf1
Ng6 12. Ng3 c6 13. Bb3 Re8 14. d4 Bb6 15. Be3 exd4 16. Bxd4 Be6 17. Bxe6 Rxe6
18. Qb3 Bxd4 {0-1 (41) Fressinet,L (2657)-Anand,V (2794) Douglas 2017} 19. Nxd4
$14) 11. Bb5 {(tested by Maxime Vachier-Lagrave several times)} (11. Qb3 Qd7
12. Bxe6 fxe6 13. Nf1 Nh5 14. Be3 Bxe3 15. Rxe3 b6 16. g3 Kh8 17. N1h2 Nf6 18.
Rd1 Qf7 19. Qc4 Qd7 20. Kg2 Rae8 $11 {1/2 (43) Nepomniachtchi,I (2757)
-Grischuk,A (2766) chess.com INT 2018}) (11. b3 d5 (11... Bxc4 12. bxc4 Nd7 13.
Nb3 (13. Nf1 $5) 13... Bb6 14. d4 Re8 15. Rb1 Qf6 16. Qd3 exd4 17. cxd4 Nb4 18.
Qd1 Qe6 19. Nbd2 f5 20. Rb3 fxe4 21. Rxe4 Qf7 $13 {0-1 (36) Jumabayev,R (2612)
-Grischuk,A (2772) Riadh 2017}) (11... Re8 12. Nf1 d5 13. exd5 Nxd5 14. Bd2 Nf4
$6 (14... Nb6 $5) 15. Bxf4 Bxc4 16. bxc4 exf4 17. d4 Bf8 18. N1d2 $16 {1-0 (42)
Chigaev,M (2599)-Paravyan,D (2629) Sochi RUS 2018}) 12. exd5 Nxd5 13. Ne4 Bb6
14. Ra2 f5 15. Ng3 Qf6 16. Nxe5 $5 Nxe5 17. Nh5 Qf7 18. Rxe5 Nxc3 19. Rxe6 Nxd1
20. Re7 Rad8 21. Rae2 Nc3 22. R2e5 c6 23. Rxb7 Nd5 24. Rxf7 Rxf7 25. Re6 {
1/2 (40) Ding Liren (2813)-Anand,V (2773) Wijk aan Zee NED 2019} Rc8 $11) 11...
Na7 (11... Ne7 12. d4 exd4 13. Nxd4 Bd7 (13... Ng6 14. N2f3 (14. Nxe6 fxe6 15.
Nb3 Bb6 16. Nd4 $14) 14... c6 15. Nxe6 fxe6 16. Bc4 d5 17. exd5 exd5 18. Bd3
Ne4 19. Be3 $14 {1/2 (26) Vachier Lagrave,M (2804)-Grischuk,A (2783) Tbilisi
2017}) 14. Nf1 Re8 15. Ng3 Ng6 16. f4 (16. Bc4 c6 17. Be3 Qc7 18. Ba2 Re5 19.
Qc2 Rae8 20. Nf3 R5e7 21. Bxc5 dxc5 22. Rad1 Bc8 $11 {1-0 (44) Vachier Lagrave,
M (2804)-Grischuk,A (2783) Tbilisi 2017}) 16... Bxb5 17. axb5 Qd7 18. Kh2 Re7
19. Ndf5 Re6 20. Nd4 Re7 21. b4 Bxd4 22. cxd4 Qxb5 $13 {1/2 (27) Vachier
Lagrave,M (2804)-Svidler,P (2751) Tbilisi 2017}) 12. d4 Nxb5 (12... exd4 13.
cxd4 Bb4 14. Bd3 d5 15. e5 Nd7 16. Re2 c5 17. Nf1 cxd4 18. Bc2 Nc5 19. Nxd4 Nc6
$1 $13 {1/2 (76) Vachier Lagrave,M (2789)-Svidler,P (2751) Tbilisi 2017 CBM
181 [Sagar Shah]}) 13. dxc5 (13. axb5 exd4 14. Nxd4 Re8 (14... Bd7 15. Nf1 Bxd4
16. cxd4 Bxb5 17. Ng3 d5 18. e5 Ne4 19. Nxe4 dxe4 20. Rxe4 Qd5 21. Rh4 Ra6 $11
{1/2 (46) Vachier Lagrave,M (2789)-Grischuk,A (2766) Leuven 2018}) 15. Nf1 Bc4
(15... Bd7 16. Ng3 c6 17. bxc6 Bxc6 18. Qf3 (18. Nxc6 bxc6 19. Bf4 Qb6 20. Qc2
Rab8 21. Re2 Re6 22. Rae1 Rbe8 23. Qd3 Qb5 24. Qxb5 cxb5 25. Kf1 a4 $11 {
1/2 (104) Vachier Lagrave,M (2789)-Karjakin,S (2782) Leuven 2018}) 18... d5 19.
e5 Ne4 20. Bf4 Qb6 21. Qg4 g6 22. Re2 Kh7 23. Nxe4 dxe4 24. Nxc6 Qxc6 25. Bg3
$16 {1-0 (33) Leko,P (2690)-Kasimdzhanov,R (2662) Batumi 2018}) 16. Ng3 d5 17.
e5 Ne4 18. Nxe4 dxe4 19. Rxe4 Qd5 20. Qf3 $6 (20. Qg4 $1 h5 $1 21. Qf4 Bd3 22.
Re3 Bxb5 23. Rg3 Rxe5 $13) 20... Bxd4 21. cxd4 Re6 $1 22. Rf4 {1/2 (22) Giri,A
(2783)-Anand,V (2773) Wijk aan Zee NED 2019}) 13... Na7 14. b3 $1 Re8 15. cxd6
Qxd6 16. Ba3 Qa6 (16... c5 17. Qe2 b6 18. Nc4 Bxc4 19. Qxc4 Rad8 20. Re3 Nc6
21. Rae1 Rd7 22. Bc1 Red8 23. g3 Ne7 24. Nd2 Nc8 25. Qf1 Qe6 26. Nc4 Ne8 27. f4
$14 {1-0 (49) Vachier Lagrave,M (2779)-Karjakin,S (2773) Saint Louis 2018}) 17.
b4 axb4 18. cxb4 b5 19. Bb2 Nc6 20. Nxe5 Nxb4 $13 {1/2 (56) Vachier Lagrave,M 
(2789)-Grischuk,A (2783) Tbilisi 2017}) 10... Ba7 11. Bb3 Re8 12. Bc2 Bd7 13.
Na3 Qc8 {Black probably planned ...Bd7xh3 but later abandoned that idea.} (
13... exd4 $5 14. cxd4 Nb4 {[%csl Gb4] was more to the point.}) 14. Nb5 Bb6 15.
Bb1 exd4 $6 (15... Bxh3 16. gxh3 Qxh3 17. Nh2 Qh4 18. Kg2 $1 exd4 19. cxd4 Nxe4
20. Ng4 $1 {is rather favorable for White.}) (15... Na7 $5 16. Na3 Nc6 17. Nc4
Ba7 18. Be3 $14) 16. cxd4 Nb4 17. Ra3 Re7 $6 {It was better to admit his
mistake:} (17... Qd8) 18. e5 dxe5 19. dxe5 Nfd5 20. Nh4 $2 {A wrong move order.
} (20. Bxh6 $1 gxh6 21. Nh4 {[%cal Ra3g3,Rd1h5] with a formidable attack.})
20... Qe8 21. Qe2 (21. Bxh6 $2 Rxe5) (21. Qh5 $142 Nf6 $1 22. Qe2 $36) 21...
Nc6 22. Nf3 Rd8 23. Kh2 f5 $15 {Black has parried all threats and has a
comfortable position, with a blockade on e6 and centralization. The rest of
the game was played under time pressure on both opponents.} 24. g4 $2 {A
desperate, completely wrong attack.} (24. Rd3 Be6 25. Nbd4 Nxd4 26. Nxd4 Bxd4
27. Rxd4 Red7 $15) 24... fxg4 25. Qd3 g6 $2 {Too humble.} (25... g5 $1 26.
Qxd5+ Be6 27. Qe4 gxf3 $19) 26. Qxd5+ Be6 27. Qe4 gxf3 (27... Bxf2 $1 $13) 28.
Rg1 $6 (28. Qh4 $13) 28... Bf7 (28... Rg7 $1 29. Bxh6 Bd5 30. Qe1 Qxe5+ 31.
Qxe5 Nxe5 32. Bxg7 Kxg7 $44) 29. Ba2 $2 {A final mistake but it was difficult
to find a narrow right path in complications:} (29. Qh4 $1 Nxe5 30. Bxh6 Rdd7
31. Qf6 Bd5 32. Bxg6 Nxg6 33. Rxg6+ Kh7 $13) 29... Bxa2 30. Rxg6+ Qxg6 31.
Qxg6+ Rg7 32. Qxg7+ Kxg7 33. Rxa2 Rd1 34. Ra1 Kf7 {The deadly pin decides the
game.} 0-1